Detalles MARC
| 000 -LÍDER |
| Campo fijo de descripción fija |
01194aam a2200325 i 4500 |
| 001 - NÚMERO DE CONTROL |
| Campo de control |
76714001 |
| 003 - IDENTIFICADOR DEL NÚMERO DE CONTROL |
| Campo de control |
CO-MdFUSB |
| 005 - FECHA Y HORA DE LA ULTIMA TRANSACCIÓN |
| control field |
20250916173023.0 |
| 007 - CAMPO FIJO DE DESCRIPCIÓN FIJA--INFORMACIÓN GENERAL |
| Campo fijo de descripción fija |
ta |
| 008 - ELEMENTOS DE LONGITUD FIJA -- INFORMACIÓN GENERAL |
| Campo fijo de descripción fija -- Información general |
250916t2010 xxu||||| |||| 00| 0 spa d |
| 020 ## - NÚMERO INTERNACIONAL NORMALIZADO PARA LIBROS |
| Número Internacional Normalizado del libro |
978-0-8297-5523-7 |
| 040 ## - FUENTE DE CATALOGACIÓN |
| Agencia de catalogación original |
CO-MdFUSB |
| Idioma de catalogación |
spa |
| Agencia que realiza la transcripción |
CO-MdFUSB |
| Agencia que realiza la modificación |
CO-MdFUSB |
| Convenciones de la descripción |
rda |
| 041 ## - CÓDIGO DE IDIOMA |
| Código de idioma para texto/pista de sonido o título separado |
spa |
| 082 04 - NÚMERO DE CLASIFICACIÓN DECIMAL DEWEY |
| Número de la edición del Dewey |
23 |
| Número de clasificación |
251 |
| Clave de autor-Numero de item |
A5451p |
| 100 1# - ASIENTO PRINCIPAL--NOMBRE PERSONAL |
| Nombre personal |
Anderson, Kenton C. |
| Término relacionador |
autor |
| 240 ## - TITULO UNIFORME |
| Título uniforme |
<a href="choosing to preach">choosing to preach</a> |
| 245 10 - TÍTULO |
| Título del Material |
Predicar es una decisión : |
| Parte restante del título - Subtitulo |
una introducción descriptiva de homilética bíblica |
| Mención de responsabilidad, etc. |
/ Kenton C. Anderson |
| 264 #1 - PRODUCCIÓN, PUBLICACIÓN, DISTRIBUCIÓN, MANUFACTURA, Y COPYRIGHT |
| Nombre del productor, publicador, distribuidor |
Vida, |
| Lugar de producción, publicación, distribución, manufactura |
Miami : |
| Fecha de producción, publicación, distribución, manufactura, o copyright |
[2010] |
| 264 #4 - PRODUCCIÓN, PUBLICACIÓN, DISTRIBUCIÓN, MANUFACTURA, Y COPYRIGHT |
| Fecha de producción, publicación, distribución, manufactura, o copyright |
©2010 |
| 300 ## - DESCRIPCIÓN FÍSICA |
| Extensión |
271 páginas |
| 336 ## - TIPO DE CONTENIDO |
| Término de tipo de contenido |
texto |
| Código de tipo de contenido |
txt |
| Fuente |
rdacontent |
| 337 ## - TIPO DE MEDIO |
| Fuente |
rdamedia |
| Nombre del tipo de medio |
sin mediación |
| Código del tipo de medio |
n |
| 338 ## - TIPO DE SOPORTE |
| Fuente |
rdacarrier |
| Nombre del tipo de soporte |
volumen |
| Código Tipo de soporte |
nc |
| 505 00 - NOTA DE CONTENIDO |
| Nota de contenido con formato preestablecido |
\I PARTE: Opciones. ¿Va a predicar? -- ¿Va a predicar la Biblia? -- ¿Cómo comunicará el mensaje? \ II PARTE: Estructuras. Formule un argumento: El sermón enunciativo -- Resuelva un misterio: El sermón pragmático -- Pinte un cuadro: El sermón integrador |
| 563 ## - NOTA DE ENCUADERNACIÓN |
| Nota de encuadernación |
Rústico |
| 653 ## - TÉRMINO DE INDIZACIÓN - NO CONTROLADO |
| Término no controlado |
Homiletica |
| 700 ## - ASIENTO SECUNDARIO - NOMBRE PERSONAL |
| Nombre personal |
Díaz de Arce, Omar, |
| 9 (RLIN) |
5945 |
| Responsabilidad |
traductor |
| 942 ## - TIPO DE MATERIAL (KOHA) |
| Tipo de Item KOHA |
Libros General |
| 945 ## - INFORMACIÓN LOCAL DEL REGISTRO |
| Catalogador |
Elías Tolentino |